[Event "ESP-chT CECLUB Honor"]
[Site "Linares"]
[Date "2017.08.15"]
[Round "2.2"]
[White "Mareco, Sandro"]
[Black "Ganguly, Surya Shekhar"]
[Result "0-1"]
[WhiteElo "2650"]
[BlackElo "2658"]
[Annotator "Ganguly,Surya"]
[PlyCount "58"]
[EventDate "2017.08.14"]
[EventType "team-tourn"]
[EventRounds "7"]
[EventCountry "ESP"]
[SourceTitle "CBM 181"]
[Source "ChessBase"]
[SourceDate "2017.11.10"]
[SourceVersion "1"]
[SourceVersionDate "2017.11.10"]
[SourceQuality "1"]
[WhiteTeam "Equigoma Social Catolica"]
[BlackTeam "Solvay CA"]
[WhiteTeamCountry "ESP"]
[BlackTeamCountry "ESP"]

1. e4 {Mareco plays lot of things and I ended up preparing pretty much
everything except 1.e4 by making a wild guess that he won't opt for it :-)} e5
{After making few more wild assumptions I decided to go for 1...e5 and
eliminated 1...e6 and 1...c5 .} 2. Nf3 Nc6 3. Bc4 {Once again this is
something that I didn't guess. I should stop making guesses. I guess I am not
good at guesses!} Bc5 4. O-O Nf6 5. d3 O-O 6. c3 d6 {I have played both d6 and
d5 in this position. For this game I decided on less forcing lines.} 7. b4 {
This was the real surprise. This line is not so popular and is not that
critical yet. Oh yes in case you are wondering.... I didn't guess this!} Bb6 8.
a4 {I remembered that against Akopian in last world rapid I had played a6 and
during the game itself realised a5 was better.} a5 9. b5 Ne7 {Here finally my
opponent stopped blitzing and started to think.} 10. Be3 {This is slightly
inaccurate. Now Black has number of ways to react and all of them looked
decent.} (10. Nbd2 {is the most popular move.}) 10... c6 {There were other
ways also but I felt this move simply ruins White's idea and makes the
e3-bishop a bit aimless.} 11. Re1 Bc7 $5 {I will get d5 before he gets d4 so
basically it will be some sort of reverse Italian with weird pawn structure on
the queenside.} (11... Bxe3 12. Rxe3 Ng6 $11 {was the most classical approach
and Black gets easy equality. However, at this stage I wanted to keep more
pieces and get d5 as early as possible.}) (11... d5 {I wanted to make this
work but couldn't do so.} 12. Bxb6 Qxb6 13. exd5 cxd5 14. Bb3 Ng6 (14... Bg4 {
doable but this was not the point of playing d5}) 15. Nxe5 $1 Nxe5 16. Rxe5 Ng4
17. Re2 Qd6 18. g3 {I wasn't sure about my compensation here} Ne5 (18... Qh6
19. f3) 19. Re3 $1 $16 {and I didn't see anything concrete for Black.}) 12.
Nbd2 d5 13. Ba2 Ng6 14. h3 (14. Bg5 $5 h6 (14... Be6 {I was happy with this})
15. Bxf6 gxf6 {even this was not so bad. Black will create some attacking
chances on the kingside} (15... Qxf6 16. exd5 cxd5 17. Bxd5 Nf4 18. Ne4 $16)
16. exd5 cxd5 17. c4 Nf4 {with a messy position. I wasn't sure which one to
opt for in the event of 14.Bg5. Both looked complicated and Black has good
counterplay.}) 14... h6 15. Qc2 {Here I thought if I play ...Be6 then he might
have some d4 ideas so I came up with an interesting alternative instead.} Bd7
$5 {[%csl Rc2,Rg1][%cal Gd8c8,Gd7h3]} (15... Be6 16. d4 {although the engine
thinks this is also fine for Black} Nxe4 17. Nxe4 Bf5 18. Nfd2 Qh4 $1 {being
the point.}) 16. Rab1 (16. d4 {with the bishop on d7 this never works} dxe4 {
no more ...Be6 business} 17. Nxe4 Bf5) 16... Qc8 $1 {[%cal Gd7h3] Suddenly the
idea of ...Bxh3 becomes annoying. The white queen is awfully placed at c2
which won't be able to reach f1 so fast after the sac on h3.} 17. Nf1 Rd8 {
The threat is better than its execution.} (17... Bxh3 $5 18. gxh3 Qxh3 19. N3h2
$8 {Otherwise White might as well resign} (19. Ng3 Nf4 $19) (19. N1h2 Ng4 $19)
(19. Qe2 dxe4 20. dxe4 Nxe4 $19) 19... Nh4 $1 {looked tempting but I did not
see a clear way} (19... d4 20. cxd4 exd4 21. Bxd4 Nh4 22. f4 Bxf4 23. Bxf6 {
wasnt' clear either}) 20. f3 Nh5 $44 {Surely Black has huge compensation but
during the game I wasn't completely sure and hence decided to wait further.}) (
17... Nh5 $5 {This was also very tempting} 18. bxc6 bxc6 19. exd5 Bxh3 20. N1h2
$13 {Here also I did not see a clear cut way and I did not want to commit so
fast.}) 18. Ng3 Be6 $1 {For now, just waiting. I did not see how white is
improving and realised there are not many useful moves for White. Now that d4
is also not working (thanks to the queen on c8) I wanted to have my bishop on
e6.} (18... Bxh3 19. bxc6 bxc6 20. gxh3 Qxh3 21. Qe2 $1 $14 {now the queen is
in time. As a matter of fact this was also the only move for White.}) 19. Bd2
$2 {[%csl Rc2] Mostly he wanted to play c4 at some point and hence removed the
bishop from e3 so that d4 will not come with tempo.} (19. Red1 Nf4 $1 20. Bxf4
exf4 {[%csl Re4]}) (19. d4 Nxe4 20. Nxe4 dxe4 21. Bxe6 Qxe6 {the advantage of
having the queen on c8} 22. Qxe4 f5 23. Qc2 e4 $36) (19. Kh2 {probably this
was practically the best..., get rid of Bxh3 ideas. Definitely not a move that
one would like to make with the bishop on c7.} Bd6 20. Bb6 Re8 {I prefer Black
here.}) 19... Bxh3 $1 {And now that Qe2-Qf1 takes one more extra move....this
is the time! Just the previous move Black played Bd7 to e6 and now Be6 to h3.
All thanks to Bd2 which prevents Qe2.} 20. bxc6 {Including this makes sense as
it can only benefit White.} bxc6 21. gxh3 Qxh3 {[%cal Gf6g4,Gg6h4,Gg6f4] No
more Qe2 business.} 22. Rb7 (22. Qd1 Nf4 23. Bxf4 exf4 24. Nf1 dxe4 $19) 22...
Ng4 $1 {With the threat of ...Nh4.} (22... dxe4 {I checked this out a bit too.
Trying to take on d2} 23. Bxf7+ (23. dxe4 Rxd2 $19 {[%cal Yg6f4]}) 23... Kh8
24. Ng5 $1 {Comps} (24. dxe4 Rxd2 $19) (24. Nxe4 {I saw this, which is also
fine} Nxe4 25. Rxe4 Qxf3 26. Rxc7) 24... hxg5 25. Bxg6 $14) (22... Rd7 $1 {
The computer says this is also fine. I quite liked my move too. Much more
human and stylish :P}) 23. Bc1 {[%cal Gc2e2] Now White is coming with Qe2-Qf1.
Black must react fast to stop this only plan of White.} (23. Rxc7 Nh4 {is mate
in two}) (23. Be3 {With the bishop on e3 white is kind of stalemated! White's
only plan is to get Qe2-Qf1 but with the bishop on e3 that doesn't work. Now
nobody moves on the kingside and white has absolutely zero plan.} Rd7 $1 {
[%cal Gg6f4] White's only defence is Qe2-Qf1 and with the bishop on e3 that
does not happen.} (23... Rd6 24. Rxc7 Rf6 25. Qe2 Nh4 26. Nxh4 Qh2+ 27. Kf1
Qxg3 28. Rc1 Qxh4 29. Ke1 dxe4 {also wins but is completely unnecessary}) 24.
Qe2 (24. exd5 e4 $19) 24... Nxe3 {The disadvantage of having the bishop on e3}
25. Qxe3 (25. fxe3 Qxg3+ $19) 25... Nf4 $19) 23... Ra7 $3 {Giving no time for
Qe2-Qf1.} (23... Bd6 24. Qe2 Bc5 25. d4 exd4 26. Qf1 {White has no problems
anymore.}) (23... Rd6 $5 24. Qe2 {this was my problem} (24. Rxc7 Rf6 25. Qe2
Nh4 $19) 24... Nh4 (24... Rf6 25. Qf1 $16) 25. Nxh4 Qh2+ 26. Kf1 Qxh4 27. Qc2
$8 {I left lff calculating around here as by now I realised the game
continuation was much stronger} Qh3+ 28. Ke2 Nxf2 29. Nf5 Nxd3 30. Nxd6 Nxe1
31. Kxe1 Bxd6 $17 {is a computer generated line.}) 24. Rxa7 (24. Rxc7 {good or
bad this was absolutely needed} Rxc7 25. Qe2 {The only way} dxe4 26. dxe4 Nh4
$1 (26... Rd3 {unfortunately this cool move didn't work} 27. Qxd3 Nh4 28. Qd8+
{This being the problem} Kh7 29. Qxh4 $18) (26... Rcd7 27. Qf1 Qxf1+ 28. Nxf1
Rd3 29. Ne3 Nxe3 30. Bxe3 Rxc3 31. Rb1 $132) 27. Nxh4 Qxh4 28. Kg2 {[%cal
Ye1h1]} (28. Qf3 Rd3 $1 $19) (28. Nf1 Rd6 $19) 28... Qh2+ 29. Kf3 Qh3 $1 {
I had to spot this move well in advance and surprisingly this was the move
which somehow took quite some time to spot. Mainly because there were so many
other ways to play for Black} 30. Rh1 Nh2+ 31. Ke3 Rcd7 $19) 24... Bb6 25. d4 (
25. Be3 Bxa7 $1 26. Bxa7 Nf4 $19) 25... exd4 $3 {[%cal Yd4d3]} (25... Bxa7 26.
exd5 {[%cal Gc2f5] too late for an attack now.... every move counts!} exd4 27.
Qf5 $1 dxc3 28. Qxf7+ $3 {I don't like to get such shocks during a game! It
reminds me of Krasenkow - Nakamura, Barcelona 2007.} Kxf7 (28... Kh8 29. Qxa7
$18 {not only is the bishop gone but White is also protecting f2 so no more ...
Nh4 tricks either}) 29. dxc6+ Kf6 30. Re6+ Kf7 {I didn't really bother to
check if White is winning or its just a draw. In any case the computer
confirms that this is 0.00.}) 26. cxd4 {Here I so much wanted to sac three
pieces by playing 26...exd4 but at some point, I convinced myself that even if
I sacrifice three pieces I would get only one point for winning the game. Mr.
Gelfand and his masterpiece 'Positional decision making' took over and
Shirov's great 'Fire on board' despite having its momentary excitement
couldn't come to the fore. Although that was solely because of my lack of
calculation.} Bxa7 {[%cal Ya7d4] Now the threat is again ...Bxd4 and there is
no way to stop it.} (26... Bxd4 27. Nxd4 {at this stage, I would have been
three pieces down and I wanted to make this work but didn't see the exact way}
Nh4 28. f4 (28. f3 {would reach similar lines and white will also lose the pawn
}) 28... Qxg3+ 29. Kf1 Nf3 $3 {this is the move order that I missed} (29...
Nh2+ 30. Ke2 N4f3 {I was trying to mate White here but..} 31. Qc3 $13 {I
didn't see a clear way out here} (31. Rd1 $1 $14 {computers})) 30. Nxf3 Qxf3+
31. Kg1 Qg3+ 32. Qg2 (32. Kf1 Nh2+ 33. Qxh2 Qxh2 $19 {and White loses another
piece}) 32... Qxe1+ 33. Qf1 Qb4 $19 {very computerish. Nevertheless, had I
seen all these lines I am sure I would have decided to implement 'fire on
board'.}) 27. Be3 {Just when it looks like White stopped ...Bxd4....} (27. Qd3
Nh4 $19) (27. Qe2 Bxd4 28. Nxd4 Nh4 $19) (27. Rd1 dxe4 28. Qxe4 Nh4 $19) 27...
Bxd4 $3 {Lets be honest....It felt really great to play these moves :)} 28. Qd3
(28. Bxd4 Nf4 29. Nh4 Qxh4 $19) (28. Nxd4 Nh4 29. f3 Qxg3+ 30. Kf1 Nxf3 31.
Nxf3 Qxf3+ 32. Bf2 dxe4 $19) 28... Bxe3 29. Rxe3 Nh4 $1 {The shortest way to
finish the game.} 0-1

[Event "Dubai op 20th"]
[Site "Dubai"]
[Date "2018.04.08"]
[Round "7"]
[White "Ganguly, Surya Shekhar"]
[Black "Kryvoruchko, Yuriy"]
[Result "1-0"]
[WhiteElo "2642"]
[BlackElo "2703"]
[PlyCount "167"]
[EventDate "2018.04.02"]
[EventType "swiss"]
[EventRounds "9"]
[EventCountry "UAE"]
[SourceTitle "CBM 183 Extra"]
[Source "ChessBase"]
[SourceDate "2018.04.19"]
[SourceVersion "1"]
[SourceVersionDate "2018.04.19"]
[SourceQuality "1"]

1. c4 Nf6 2. Nc3 e5 3. Nf3 Nc6 4. e3 Bb4 5. Qc2 Bxc3 6. bxc3 e4 7. Nd4 d6 8. f3
Qe7 9. Be2 O-O 10. O-O Bd7 11. Rb1 Rab8 12. fxe4 Nxe4 13. d3 Nc5 14. e4 Nxd4
15. cxd4 Ne6 16. d5 Nd4 17. Qb2 c5 18. Be3 Nxe2+ 19. Qxe2 b5 20. cxb5 Bxb5 21.
Qd2 Rb6 22. Rb3 Rfb8 23. Rfb1 Ba6 24. h3 f6 25. Bf4 Kf7 26. Qe3 Ke8 27. h4 h6
28. h5 Rxb3 29. Rxb3 Rxb3 30. axb3 Bb5 31. Qh3 Kd8 32. Kf2 Be8 33. Ke3 Qd7 34.
Qh2 Kc7 35. Kd2 Qe7 36. Qg1 Kd8 37. Kc2 Qd7 38. Kc3 Qe7 39. Qh2 Kc7 40. g4 Bb5
41. Qa2 a6 42. Qh2 Kd7 43. Kc2 Qf8 44. Bg3 Qe7 45. Kc3 Qf8 46. Qf2 Ke7 47. Kc2
Bd7 48. g5 hxg5 49. Qh2 Qb8 50. h6 gxh6 51. Qxh6 Be8 52. Be1 Kf7 53. Qh7+ Kf8
54. Qh6+ Kf7 55. Qh7+ Kf8 56. Qh8+ Kf7 57. Ba5 Qc8 58. Qh7+ Kf8 59. Qh8+ Kf7
60. Bc7 Qd7 61. Qh7+ Kf8 62. Qxd7 Bxd7 63. Bxd6+ Kf7 64. Bxc5 Bh3 65. b4 Bf1
66. Kc3 Be2 67. Kd2 Bf1 68. Ke3 Bg2 69. Kd4 Bf1 70. Kc4 Be2 71. Bd4 g4 72. Bf2
Ke7 73. Bh4 Kf7 74. Kd4 Bd1 75. Ke3 Bc2 76. d4 Bb3 77. Kf4 Kg6 78. Kxg4 Bc4 79.
Kf4 Bb3 80. d6 Ba4 81. d5 Bd7 82. Ke3 Kf7 83. Kd4 Bb5 84. Kc5 1-0

[Event "Asian Continental op 17th"]
[Site "Makati"]
[Date "2018.12.13"]
[Round "4"]
[White "Maghsoodloo, Parham"]
[Black "Ganguly, Surya Shekhar"]
[Result "0-1"]
[WhiteElo "2688"]
[BlackElo "2621"]
[PlyCount "88"]
[EventDate "2018.12.10"]
[EventType "swiss"]
[EventRounds "9"]
[EventCountry "PHI"]
[SourceTitle "CBM 187 Extra"]
[Source "ChessBase"]
[SourceDate "2018.11.04"]
[SourceVersion "1"]
[SourceVersionDate "2018.11.04"]
[SourceQuality "1"]

1. Nf3 Nf6 2. c4 e6 3. g3 d5 4. Bg2 Be7 5. O-O O-O 6. d4 dxc4 7. Qc2 c6 8. Qxc4
b5 9. Qc2 Bb7 10. Bg5 Nbd7 11. Bxf6 Bxf6 12. Nbd2 c5 13. dxc5 Rc8 14. Nb3 Bd5
15. Rfd1 a5 16. e4 Bxb3 17. Qxb3 Rxc5 18. a4 b4 19. e5 Be7 20. Nd4 Qb6 21. f4
Rcc8 22. Kh1 Rfd8 23. Nb5 Nc5 24. Rxd8+ Rxd8 25. Qc2 g6 26. Qe2 Nb3 27. Rd1
Rxd1+ 28. Qxd1 Qf2 29. Qb1 Qd2 30. h4 Nc5 31. Kh2 Nd3 32. b3 Nxf4 33. Qe4 Nxg2
34. Qxg2 Qe3 35. Nd6 Qxe5 36. Nc4 Qf5 37. Qa8+ Kg7 38. Nxa5 Bd6 39. Nc4 Qc2+
40. Qg2 Bxg3+ 41. Kh3 Qxb3 42. Nd2 Qd3 43. Qxg3 Qxd2 44. a5 Qc3 0-1

[Event "Asian Continental op 17th"]
[Site "Makati"]
[Date "2018.12.16"]
[Round "7"]
[White "Wang, Hao"]
[Black "Ganguly, Surya Shekhar"]
[Result "0-1"]
[WhiteElo "2730"]
[BlackElo "2621"]
[PlyCount "64"]
[EventDate "2018.12.10"]
[EventType "swiss"]
[EventRounds "9"]
[EventCountry "PHI"]
[SourceTitle "CBM 187 Extra"]
[Source "ChessBase"]
[SourceDate "2018.11.04"]
[SourceVersion "1"]
[SourceVersionDate "2018.11.04"]
[SourceQuality "1"]

1. e4 e5 2. Nf3 Nc6 3. Bc4 Bc5 4. d3 Nf6 5. O-O O-O 6. Nbd2 d6 7. c3 a6 8. Bb3
Be6 9. Bc2 d5 10. exd5 Bxd5 11. h3 Re8 12. Re1 h6 13. b4 Bf8 14. a4 g6 15. Ne4
Bg7 16. Bd2 Nd7 17. b5 Ne7 18. Bb3 axb5 19. Bxd5 Nxd5 20. axb5 Rxa1 21. Qxa1
Nf8 22. c4 Nf4 23. Bxf4 exf4 24. d4 Ne6 25. Qc1 Nxd4 26. Qxf4 f5 27. Nxd4 Bxd4
28. Qxh6 Re6 29. Rd1 fxe4 30. Qe3 Rd6 31. Qxe4 Bxf2+ 32. Kxf2 Qf6+ 0-1

[Event "ESP-chT CECLUB Honor"]
[Site "Linares"]
[Date "2019.10.06"]
[Round "7.4"]
[White "Naiditsch, Arkadij"]
[Black "Ganguly, Surya Shekhar"]
[Result "0-1"]
[WhiteElo "2643"]
[BlackElo "2658"]
[PlyCount "80"]
[EventDate "2019.09.30"]
[EventType "team-tourn"]
[EventRounds "7"]
[EventCountry "ESP"]
[SourceTitle "EXT 2020"]
[Source "ChessBase"]
[SourceDate "2019.10.17"]
[SourceVersion "1"]
[SourceVersionDate "2019.10.17"]
[SourceQuality "1"]
[WhiteTeam "Taldea Gros Xake"]
[BlackTeam "Solvay"]
[WhiteTeamCountry "ESP"]
[BlackTeamCountry "ESP"]

1. Nf3 d5 2. g3 g6 3. Bg2 Bg7 4. d4 c6 5. O-O Nf6 6. a4 O-O 7. a5 Ne4 8. Nbd2
Bf5 9. Nh4 Bxd4 10. Nxe4 dxe4 11. Nxf5 gxf5 12. g4 fxg4 13. Ra4 Bg7 14. Rxe4
Nd7 15. Rxg4 Nf6 16. Rg3 Kh8 17. Qe1 Qd4 18. e4 Rad8 19. Qe2 Qe5 20. f4 Qxa5
21. e5 Ne8 22. Rg5 Qb6+ 23. Be3 c5 24. Kh1 f6 25. Bxc5 Qc7 26. Rh5 fxe5 27. Be4
Nf6 28. Rxh7+ Nxh7 29. Qh5 Bh6 30. Qg6 e6 31. Bxf8 Bxf8 32. fxe5 Qg7 33. Qh5
Bc5 34. Bg6 Rg8 35. Rf6 Qd7 36. Kg2 Qd2+ 37. Kf1 Rxg6 38. Qxg6 Qd1+ 39. Kg2
Qg1+ 40. Kh3 Ng5+ 0-1